Statistiken für Städte mit mehr als einem Fußball-Profiverein jemals (1.-3.Liga)

Klicken Sie hier um das Quiz zu spielen!

Allgemein

  • Dieses Quiz wurde 287 mal gespielt
  • Das Durchschnittsergebnis liegt bei 10 aus 15

Antwortstatistiken

AnzahlStadt% Korrekt
3München (Bayern, 1860, Türkgücü)
100%
9Berlin (Hertha, Tasmania, Tennis Borussia, Blau-Weiß, Union, Viktoria, Charlottenburg, Wacker, Spandauer SV)
98%
2Hamburg (HSV, St. Pauli)
95%
3Köln (Effzeh, Fortuna, Viktoria)
94%
2Leipzig (VfB/Lok, RB)
91%
2Stuttgart (VfB, Kickers)
91%
2Frankfurt (Eintracht, FSV)
89%
3Hannover (96, Arminia, OSV)
71%
2Essen (Rot-Weiß, Schwarz-Weiß)
67%
2Freiburg (SC Freiburg, Freiburger FC)
65%
2Bochum (VfL, Wattenscheid)
57%
2Mannheim (Waldhof, VfR)
51%
3Ingolstadt (ESV, MTV, FC Ingolstadt)
26%
2Würzburg (FV Würzburg, Kickers)
19%
2Herne (Westfalia, Wanne-Eickel)
6%

Verteilung der Resultate

Perzentil nach korrekt beantworteten Fragen

Anzahl Personen mit jedem Resultat

Ihre Resultats-Entwicklung

Sie haben dieses Quiz noch nicht gespielt